A second course in statistics : Regression analysis
Đã lưu trong:
| Tác giả chính: | |
|---|---|
| Định dạng: | Sách |
| Ngôn ngữ: | Undetermined |
| Được phát hành: |
New Jersey
Pearson Prentice Hall
2003
|
| Những chủ đề: | |
| Các nhãn: |
Thêm thẻ
Không có thẻ, Là người đầu tiên thẻ bản ghi này!
|
| Thư viện lưu trữ: | Trung tâm Học liệu Trường Đại học Cần Thơ |
|---|
| LEADER | 00592nam a2200205Ia 4500 | ||
|---|---|---|---|
| 001 | CTU_65557 | ||
| 008 | 210402s9999 xx 000 0 und d | ||
| 020 | |b 560000 | ||
| 082 | |a 519.536 | ||
| 082 | |b M537 | ||
| 100 | |a Mendenhall, William | ||
| 245 | 2 | |a A second course in statistics : | |
| 245 | 0 | |b Regression analysis | |
| 245 | 0 | |c William Mendenhall, Terry Sincich | |
| 260 | |a New Jersey | ||
| 260 | |b Pearson Prentice Hall | ||
| 260 | |c 2003 | ||
| 650 | |a Regression analysis,Commercial statistics | ||
| 904 | |i TUYẾN | ||
| 980 | |a Trung tâm Học liệu Trường Đại học Cần Thơ | ||